Tính chất từ của hệ hợp kim Nd24-xNbxCu1Fe30Co30Al10B5 chế tạo bằng phương pháp nguội nhanh /
Αποθηκεύτηκε σε:
| Κύριος συγγραφέας: | |
|---|---|
| Άλλοι συγγραφείς: | , , , , |
| Μορφή: | Άρθρο |
| Γλώσσα: | Vietnamese |
| Ετικέτες: |
Προσθήκη ετικέτας
Δεν υπάρχουν, Καταχωρήστε ετικέτα πρώτοι!
|
| Thư viện lưu trữ: | Thư viện Trường Đại học Đà Lạt |
|---|
| LEADER | 00998nam a2200289 4500 | ||
|---|---|---|---|
| 001 | DLU120143048 | ||
| 005 | ##20121026 | ||
| 040 | # | # | |a DLU |b vie |
| 041 | # | # | |a vie |
| 044 | # | # | |a vn |
| 100 | # | # | |a Nguyễn Anh Tuấn. |
| 245 | # | # | |a Tính chất từ của hệ hợp kim Nd24-xNbxCu1Fe30Co30Al10B5 chế tạo bằng phương pháp nguội nhanh / |c Nguyễn Anh Tuấn... [và những người khác]. |
| 700 | # | # | |a Đỗ Hùng Mạnh |
| 700 | # | # | |a Lưu Tiến Hưng |
| 700 | # | # | |a Nguyễn Huy Dân |
| 700 | # | # | |a Phan Dương Cẩn |
| 700 | # | # | |a Vũ Hồng Kỳ. |
| 773 | # | # | |t Tuyển tập báo cáo hội nghị Vật lý toàn quốc lần thứ VI: Vật lý chất rắn Tập 3, |g 2006, tr. 1202-1205 |
| 920 | # | # | |a Phòng Tạp chí -- Trung tâm Thông tin - Thư viện Trường Đại học Đà Lạt |
| 994 | # | # | |a DLU |
| 900 | # | # | |a True |
| 911 | # | # | |a Nguyễn Thị Mai Anh |
| 925 | # | # | |a G |
| 926 | # | # | |a A |
| 927 | # | # | |a BB |
| 980 | # | # | |a Thư viện Trường Đại học Đà Lạt |